Κατάλογος Βιβλιοθηκών Mediterranean College

Essentials of Corporate Finance (Record no. 794)

MARC details
000 -LEADER
fixed length control field 02483cam a22002054a 4500
005 - ΗΜΕΡΟΜΗΝΙΑ ΚΑΙ ΩΡΑ ΤΕΛΕΥΤΑΙΑΣ ΕΝΗΜΕΡΩΣΗΣ
Πεδίο ελέγχου 20250605163946.0
008 - FIXED-LENGTH DATA ELEMENTS--GENERAL INFORMATION
Πεδίο ελέγχου σταθερού μήκους 250528s ||||||||||||||||||||||||d
035 ## - SYSTEM CONTROL NUMBER
System control number 15200
020 ## - ISBN
ISBN 205088473
040 ## - ΠΗΓΗ ΚΑΤΑΛΟΓΟΓΡΑΦΗΣΗΣ
Φορέας πρωτότυπης καταλογογράφησης MC Athens Campus Library
Γλώσσα καταλογογράφησης Ελληνικά, Μοντέρνα (1453-)
Modifying agency MC Athens Campus Library
Κανόνες περιγραφικής καταλογογράφησης AACR2
245 1# - ΤΙΤΛΟΣ ΚΑΙ ΔΗΛΩΣΗ ΥΠΕΥΘΥΝΟΤΗΤΑΣ
Τίτλος Essentials of Corporate Finance
260 ## - PUBLICATION, DISTRIBUTION, ETC.
Name of publisher, distributor, etc. Addison-Wesley Publishing Company,
Date of publication, distribution, etc. 1987
300 ## - PHYSICAL DESCRIPTION
Extent 716
505 0# - FORMATTED CONTENTS NOTE
Formatted contents note Preface, Introduction, Financial Management: Scope and Objectives, The Business Environment, Basic Concepts, The Time Value of Money, Value Bonds in Financial Markets, Value of Stocks in Financial Markets, Capital Budgeting, The Cost of Capital, Basic of Capital Budgeting, Capital Budgeting: Deriving the Cash Fows, Selected Capital Budgeting Topics, Capital Budgeting Under Risk, Capital Structure and Dividend Policy, Financing Policy: Financial Leverage and Value, The Dividend Decision: Procedure and Policy and Effect of Value, Financial Analysis and Forecasting, Analysis of Financial Statetements, Financial Forecasting and Planning, Working Capital Management, Managing Currents Assets: Cash and Marketable Securities, Managing Accounts Receivable and Inventories, Short-Term and Intermediate-Term Financing, Long-Term Financing, Leasing, Raising Long-Term Funds, Common Stock, Long-Term Debt and Preffered Stock, Convertibles and Warrants, Other Topics, Mergers and Acquisitions, Index.
520 ## - SUMMARY, ETC.
Summary, etc. Preface, Introduction, Financial Management: Scope and Objectives, The Business Environment, Basic Concepts, The Time Value of Money, Value Bonds in Financial Markets, Value of Stocks in Financial Markets, Capital Budgeting, The Cost of Capital, Basic of Capital Budgeting, Capital Budgeting: Deriving the Cash Fows, Selected Capital Budgeting Topics, Capital Budgeting Under Risk, Capital Structure and Dividend Policy, Financing Policy: Financial Leverage and Value, The Dividend Decision: Procedure and Policy and Effect of Value, Financial Analysis and Forecasting, Analysis of Financial Statetements, Financial Forecasting and Planning, Working Capital Management, Managing Currents Assets: Cash and Marketable Securities, Managing Accounts Receivable and Inventories, Short-Term and Intermediate-Term Financing, Long-Term Financing, Leasing, Raising Long-Term Funds, Common Stock, Long-Term Debt and Preffered Stock, Convertibles and Warrants, Other Topics, Mergers and Acquisitions, Index.
700 1# - ΠΡΟΣΘΕΤΗ ΑΝΑΓΡΑΦΗ--ΦΥΣΙΚΟ ΠΡΟΣΩΠΟ
Personal name Horim-Ben Moshe
9 (RLIN) 1089
942 ## - ADDED ENTRY ELEMENTS (KOHA)
Koha item type Books
Holdings
Τύπος τεκμηρίου Βιβλιοθήκη Τρέχουσα τοποθεσία Barcode Αριθμός εισαγωγής Ημερομηνία απόκτησης Ταξιθετικό σύμβολο Αριθμός αντιτύπου Κατάσταση απόσυρσης Κατάσταση χαμένου Κατάσταση κατεστραμμένου Μη δανεισμός Σύνολο δανεισμών Ημερομηνία τελευταίας εμφάνισης Η τιμή ισχύει από
Books MC Athens Campus Library MC Athens Campus Library 9780000007933 1436 05/06/2025 658.15 BEN 1           05/06/2025 05/06/2025

MC Athens Campus Library
Πατησίων 94 & Κοδριγκτώνος 13, 104 34
Πελλήνης 8 & Πατησίων 107, 112 51
Τ: +30 210 8899600

MC Thessaloniki Campus Library
Ίωνος Δραγούμη 21, 54625 | Ίωνος Δραγούμη 15, 54625
Τ: +30 2310 287779 – Τ: +30 2314 440300